Statistiche per Paesi più vicini alle Seychelles

Clicka qui per fare il quiz!

Statistiche generali

  • Questo quiz è stato fatto 45 volte
  • Il punteggio medio è 16 su 20

Statistiche sulle risposte

kmnazione% Corretto
288Madagascar
100%
1178Tanzania
100%
1209Somalia
95%
932Kenya
92%
1159Mozambico
92%
2261Eritrea
89%
1484Etiopia
89%
341Comoros
87%
354Mauritius
87%
2226Uganda
84%
2349India
82%
2125Gibuti
79%
1969Maldive
76%
1790Yemen
76%
2279Oman
71%
1915Zambia
71%
2099Zimbabwe
68%
2273Rep Dem Congo
66%
1741Malawi
63%
351Francia (Maiotta)
18%

Distribuzione punteggi

Percentile per numero di risposta

Percentuale di utenti per punteggio

I tuoi punteggi nel tempo

Non hai fatto questo quiz